[Event "58. BEM 2004"]
[Site "Dortmund"]
[Date "2004.03.09"]
[Round "5.27"]
[White "Kartsev, Alexandr"]
[Black "Rutmann, Ulrich"]
[Result "1-0"]
[WhiteElo "1341"]
[BlackElo "1296"]
[Annotator "Fritz 7 (15s)"]
[PlyCount "115"]
[EventDate "2004.??.??"]
[Source "SG Dortmund"]
[SourceDate "2004.12.16"]

{D37: Queen's Gambit Declined: 5 Bf4
} 1. d4 d5 2. Nf3 e6 3. c4 Be7 4. Nc3 Nf6
5. Bf4 (5. Bg5 O-O 6. e3 h6 7. Bf4 c6 8. Bd3 Nbd7 9. O-O Nh5 10. Be5 f6 11. Bg3
Nxg3 12. hxg3 f5 13. cxd5 cxd5 14. Nh2 Nf6 15. g4 g6 16. gxf5 gxf5 17. g4 Kh8
18. Kh1 f4 19. exf4 Bd6 20. Qf3 Bd7 21. Ne2 Ne4 22. Qh3 Kg7 23. f3 Nf6 24. Rg1
Rh8 25. Nf1 Kf7 26. Nfg3 h5 27. gxh5 Qf8 28. Rae1 Qh6 29. Bg6+ Ke7 30. f5 Rag8
31. Qh4 Be8 32. Nc3 Rxg6 33. fxg6 Qxg6 34. Nxd5+ {
1-0 Burmakin,V-Laschet,E/Graz 1998/EXT 99 (34)}) 5... O-O 6. e3 h6 7. Be2 $146
(7. cxd5 exd5 8. Nb5 Na6 9. Rc1 c6 10. Nc3 Bf5 11. Bd3 Be4 12. Bxe4 dxe4 13.
Nd2 Bb4 14. O-O Qe8 15. Qc2 Bxc3 16. bxc3 Nb8 17. Bd6 Nbd7 18. Bxf8 Nxf8 19. f3
exf3 20. Rxf3 Ne6 21. Ne4 Nxe4 {
Morgenstern,P-Hug,S/Pinneberg 1996/EXT 97/1-0 (52)}) (7. Rc1 Nh5 8. Be5 f6 9.
Bg3 Nxg3 10. hxg3 c6 11. Bd3 dxc4 12. Bxc4 Kh8 13. Bd3 Nd7 14. Nh4 Kg8 15. Ng6
Rf7 16. Qh5 f5 17. Qe2 Bd6 18. e4 fxe4 19. Nxe4 Bb4+ 20. Kf1 Nf8 21. Ne5 Rf5 {
Bourgeois,W-Russo,O/Buenos Aires 2000/EXT 2001/1-0 (58)}) (7. h3 c5 8. dxc5
Bxc5 9. Qc2 Bd6 10. Bxd6 Qxd6 11. cxd5 Nxd5 12. O-O-O Bd7 13. Bc4 Rc8 14. Bxd5
exd5 15. Kb1 Be6 16. e4 Qc5 17. exd5 Bxd5 18. Rxd5 {
1-0 Khurtsidze,N-Lein,S/Decin 1997/EXT 98 (18)}) (7. Qc2 c6 8. O-O-O dxc4 9.
Bxc4 b5 10. Be2 Na6 11. e4 Nh7 12. Kb1 Bb7 13. h4 Qb6 14. g4 c5 15. d5 Nb4 16.
Qd2 exd5 17. exd5 Rfd8 18. d6 Bf6 19. g5 Bxc3 20. bxc3 Be4+ 21. Kb2 Nd5 22.
gxh6 c4 23. Rhg1 b4 24. Rxg7+ Kh8 25. Ne5 bxc3+ 26. Ka1 Rf8 27. Rdg1 Bg6 28.
R1xg6 Qb7 29. Qc2 Nhf6 30. Rxf6 Nxf6 31. Ng6+ {
1-0 Khenkin,I-Glur,E/Leningrad 1991/TD (31)}) 7... Nc6 8. O-O a6 {
Verhindert das Eindringen auf b5} 9. cxd5 exd5 10. a3 {Nimmt Einfluss auf b4}
10... Bd6 11. Be5 Be6 (11... Nxe5 $2 {wird widerlegt durch} 12. dxe5 (12. Nxe5
$143 c6 $15) 12... Bxe5 13. Nxe5 $18) 12. Qb3 Na5 13. Qc2 Nc4 14. Bxc4 dxc4 15.
Ne4 Ng4 16. Nxd6 cxd6 17. Bg3 Qd7 18. h3 Nf6 19. e4 Qc8 $4 {
danach kann Schwarz alle Traeume begraben} (19... d5 $142 {
und Schwarz spielt mit} 20. Ne5 Qd8 21. exd5 Qxd5 $15) 20. d5 $18 Bd7 21. Bxd6
Re8 22. Nd2 b5 23. Rfe1 Qd8 24. Bg3 Qb6 25. Kh1 (25. Nf3 $5 $16) 25... Nh5 $14
26. Nf1 Qf6 27. Bh2 Qg6 28. Qe2 (28. f3 Rac8 $16) 28... Re7 (28... Nf6 $5 {
kam sehr in Betracht} 29. Nd2 Nxd5 $11) 29. d6 (29. e5 $5 $16) 29... Re6 $14
30. e5 Bc6 (30... f6 31. Qf3 Rf8 32. Qd5 fxe5 33. Rxe5 $11) 31. Qg4 Rae8 (31...
f5 32. Qxg6 Rxg6 33. f3 $18) 32. Qxg6 Rxg6 33. f3 Ree6 $2 (33... Rge6 $142 $5
$18) 34. Rad1 Re8 35. Nd2 (35. Ne3 Kf8 $18) 35... Ng3+ (35... Rge6 $142 $18)
36. Bxg3 Rxg3 37. Ne4 (37. d7 {ist genauer} 37... Rd8 38. e6 fxe6 39. Rxe6 Rxd7
40. Rxc6 Rg5 $18) 37... Rg6 (37... Bxe4 38. Rxe4 (38. fxe4 $6 Rd8 $16) 38...
Rd8 39. Kh2 $18) 38. d7 (38. Nc5 $142 $5 {waere im Gewinnsinne praeziser} 38...
Ra8 $18) 38... Rd8 39. Nc5 a5 $2 (39... Kf8 $142 40. e6 Ke7 $18) 40. e6 fxe6
41. Nxe6 (41. Rd6 $142 {ist der schnellste Weg} 41... Bxd7 42. Nxd7 $18) 41...
Rxd7 $15 42. Nc5 Rf7 43. Ne6 (43. Rd8+ $142 Kh7 44. h4 $11) 43... Rff6 $4 {
vergibt den Vorteil} (43... Rxf3 $142 44. Rd8+ Kh7 $17) 44. Rd8+ $16 Kh7 45.
Nf8+ Rxf8 46. Rxf8 Rd6 47. Re2 Rd3 48. Rf7 Bd5 49. Rd7 (49. Ra7 a4 50. Ree7 Kg6
51. Rxg7+ Kf5 $18) 49... b4 {Schwarz plant c3} (49... Bxf3 $142 $5 50. Ree7
Rxd7 51. Rxd7 Be4 $16) 50. axb4 axb4 51. Ree7 c3 $4 {
schlecht aber verstaendlich} (51... Kg6 $142 52. Rxg7+ Kf6 $18) 52. bxc3 $18 ({
Schlechter scheint} 52. Rxg7+ Kh8 53. Rh7+ Kg8 54. Rdg7+ Kf8 $18) 52... bxc3
53. Re2 (53. Rxg7+ $142 {und Weiss gewinnt} 53... Kh8 54. Rh7+ Kg8 55. Rdg7+
Kf8 56. Rc7 $18) 53... Kg6 (53... Rd1+ $5 54. Kh2 Bb3 55. Rxd1 Bxd1 $16) 54.
Rc2 $18 Kf5 55. Rc7 (55. Rxg7 Bb3 56. Rc1 c2 $15) 55... Bb3 56. R2xc3 Rd1+ (
56... Rxc3 57. Rxc3 Be6 58. Kg1 $18) 57. Kh2 Bg8 (57... Be6 {
holt die Kuh nicht vom Eis} 58. Rxg7 Kf6 59. Rgc7 $18) 58. Rxg7 (58. Rxg7 Be6
59. Rc6 $18) 1-0

[Event "58. BEM 2004"]
[Site "Dortmund"]
[Date "2004.03.09"]
[Round "5.28"]
[White "Thiemig, Rolf"]
[Black "Krüger, Sven"]
[Result "1-0"]
[WhiteElo "1278"]
[BlackElo "1098"]
[Annotator "Fritz 7 (15s)"]
[PlyCount "95"]
[EventDate "2004.??.??"]
[Source "SG Dortmund"]
[SourceDate "2004.12.16"]

{A01: Nimzowitsch-Larsen Opening
} 1. b3 Nf6 2. Bb2 e6 3. e3 b6 4. d3 $146 {
Verhindert das Eindringen auf e4} (4. f4 Bb7 5. Nf3 Be7 6. Be2 (6. g3 O-O 7.
Bg2 c5 8. O-O Nc6 9. d3 d5 10. Qe2 Rc8 11. c4 Rc7 12. Ne5 dxc4 13. bxc4 Nd7 14.
Nxc6 Bxc6 15. Bxc6 Rxc6 16. Nc3 Bf6 17. Rad1 Nb8 18. f5 Bxc3 19. Bxc3 exf5 20.
Rxf5 Rg6 {Bagirov,V-Schneider,A/Frunze 1983/MCD/1/2-1/2 (41)}) 6... O-O 7. O-O
c5 8. Qe1 Nc6 9. d3 (9. c4 Nb4 10. Na3 d5 11. Qg3 dxc4 12. Nxc4 Qc8 13. Nd6 Qd7
14. Nxb7 Qxb7 15. f5 Qc8 16. fxe6 Qxe6 17. Ng5 Qd6 18. Be5 Qxd2 19. Bc4 Nbd5
20. Rae1 Nh5 21. Qf3 Nhf6 22. Re2 Qa5 23. Nxf7 Nc3 24. Rc2 Nce4 25. Ng5+ Kh8
26. Nxe4 Nd7 27. Bxg7+ Kxg7 28. Qg4+ Kh8 29. Qxd7 Rxf1+ 30. Bxf1 Bf8 31. Ng5
Bg7 32. Nf7+ Kg8 33. Qd5 {1-0 Abdulla,A-Koneru,H/Calcutta 2001/CBM 82 (33)})
9... Nd5 10. Qd2 Bf6 11. d4 cxd4 12. exd4 Qc7 13. g3 Be7 14. c4 Nf6 15. Nc3 d5
16. cxd5 exd5 17. Rac1 Rac8 18. Bd3 Rfe8 {
Bagirov,V-Bouwens,H/Haarlem 1996/EXT 2000/1-0 (36)}) 4... Bb7 5. e4 Be7 6. Nf3
O-O 7. Be2 c5 8. O-O Nc6 9. a3 {Punkt b4} 9... Qc7 10. Nbd2 Rac8 11. h3 {
Kontrolliert g4} 11... Qd8 12. Nh2 Bd6 13. f4 Bb8 14. e5 {
Weiss will den Gegner einengen} (14. Qe1 $5 $11 {ist eine Alternative}) 14...
Nd5 $15 15. Rf3 (15. Rf2 d6 $15) 15... Nd4 $17 16. Bxd4 (16. c4 $5 Nxf3+ 17.
Bxf3 $17) 16... cxd4 $19 17. Nc4 (17. Qe1 $19) 17... Nc3 18. Qe1 Bxf3 19. Bxf3
f6 (19... b5 {erleichterte Schwarz die Gewinnfuehrung} 20. Nb2 $19) 20. Ng4 $2
(20. Bb7 $142 Rc7 21. Nd6 fxe5 22. fxe5 $19) 20... fxe5 21. Ngxe5 (21. fxe5 b5
22. Nd6 Bxd6 23. exd6 Rc5 $19) 21... Rxf4 22. Qd2 (22. Bg4 {
hilft allerdings auch nicht} 22... Rf6 $19) 22... Rh4 (22... Rf5 {
ginge schneller} 23. Ng4 $19) 23. Qf2 (23. Qe1 {
macht keinen grossen Unterschied} 23... b5 24. Nd2 $19) 23... Rc5 (23... b5 {
laesst dem Gegner kaum Chancen} 24. Bb7 Rxc4 25. Nxc4 $19) 24. Ng4 $4 {
ein Fehler, doch es war nicht viel zu retten} (24. Nxd7 $5 Rxh3 25. gxh3 Qxd7
26. Bg4 $19) 24... e5 (24... h5 $142 $5 {
erleichterte Schwarz die Gewinnfuehrung} 25. Nh2 $19) 25. Re1 (25. Rf1 $142 h5
26. g3 hxg4 27. Bxg4 $19) 25... d6 26. a4 Nd5 $4 {
ein schwacher Zug, der den Gewinn vergibt} (26... h5 $142 {
und Weiss kann direkt aufgeben} 27. Nh2 Rf4 $19) 27. Bxd5+ $11 Rxd5 28. b4 a5
$4 {vergibt den Vorteil} (28... Rxg4 $142 {
damit waere Schwarz im Spiel geblieben} 29. Qf3 Qh4 $11) 29. Qf3 (29. Rf1 h5
30. Qf7+ Kh8 31. Qxd5 Bc7 32. bxa5 bxa5 33. Ngxe5 dxe5 34. Qxd8+ Bxd8 35. Rf8+
Kh7 36. Rxd8 Rf4 37. Nxe5 g5 $18) 29... e4 30. Qxe4 Re5 31. Ncxe5 dxe5 32. Qf5
Qe8 (32... axb4 33. Qe6+ Kh8 34. Nxe5 Bxe5 35. Qxe5 $18) 33. Nxe5 Rh5 34. Qd7
Qxd7 35. Nxd7 Ba7 $4 {Schwarz verkuerzt seine Leiden} (35... Bc7 $142 36. Rf1
Bd6 $18) 36. Re8+ Kf7 37. Ra8 axb4 38. Rxa7 Rf5 (38... Ra5 {
nuetzt auch nichts mehr} 39. Rxa5 bxa5 40. Ne5+ Ke6 41. Nc4 $18) 39. Nxb6+ Kf6
40. Nc4 g6 (40... Rc5 {hilft auch nicht mehr} 41. Rd7 $18) 41. Rb7 Kg5 (41...
Ke6 {aendert nichts am Ausgang der Partie} 42. Rxh7 Rc5 43. Rg7 $18) 42. Rxb4
Kh4 (42... Kh6 {hilft allerdings auch nicht} 43. a5 Rf7 44. a6 $18) 43. Rb5 Rf6
44. a5 Kg3 (44... g5 {verlaengert das Leiden} 45. Nd2 Rf8 46. Nf3+ Kh5 47.
Rxg5+ Kh6 $18) 45. Nd2 Ra6 46. Ne4+ Kf4 (46... Kh4 {aendert nichts mehr} 47.
Kh2 g5 48. Rxg5 Rxa5 49. g3#) 47. Kf2 h6 (47... Rxa5 {
macht keinen grossen Unterschied} 48. g3#) 48. g3# 1-0

[Event "58. BEM 2004"]
[Site "Dortmund"]
[Date "2004.03.11"]
[Round "6.1"]
[White "Eismont, Igor"]
[Black "Kalikhman, Grigorij"]
[Result "1-0"]
[WhiteElo "2230"]
[BlackElo "1975"]
[Annotator "Fritz 7 (15s)"]
[PlyCount "49"]
[EventDate "2004.??.??"]
[Source "SG Dortmund"]
[SourceDate "2004.12.16"]

{E90: King's Indian: Classical: Early deviations and 6 h3
} 1. d4 g6 2. c4 Bg7
3. Nc3 d6 4. e4 Nf6 5. Nf3 O-O 6. h3 Nbd7 7. Bg5 h6 8. Be3 e5 9. d5 b6 (9... a5
10. g4 Ne8 11. Qd2 Kh7 12. Bd3 b6 13. O-O-O Nc5 14. Bc2 Bd7 15. b3 Qc8 16. Nh4
Qd8 17. Ng2 Qe7 18. f3 Rh8 19. Rdg1 Kg8 20. h4 h5 21. g5 Kh7 22. Ne1 f6 23. a3
Rf8 24. Kb2 f5 25. b4 axb4 26. axb4 Na4+ 27. Bxa4 Bxa4 28. b5 f4 29. Bf2 Qd8
30. Nd3 Ra5 31. Ra1 Qa8 32. Ra2 c6 33. dxc6 Qa7 34. Rha1 Nc7 35. Rxa4 Rxa4 36.
Rxa4 Qb7 37. Nb4 {
1-0 Malloni,M-Bruned,B/XIV Open, Porto San Giorgio ITA 2002 (37)}) 10. g4 Nc5
11. Qc2 $146 (11. Nd2 Nh7 (11... a5 12. Qf3 Nh7 13. Qg3 Kh8 14. Rg1 Qe7 15. Nf3
Bd7 16. O-O-O Rg8 17. Be2 Nf8 18. Kb1 f5 19. gxf5 gxf5 20. Bxh6 fxe4 21. Nd2
Bf5 22. Bg5 Qf7 23. Qe3 Nh7 24. h4 Bf6 25. Ndxe4 Rg7 26. f3 {
Lazarev,V-Everet,A/Marostica 1997/EXT 2000/1-0 (85)}) 12. h4 (12. Rg1 Kh8 13.
Qe2 Qe8 14. O-O-O f5 15. gxf5 gxf5 16. f3 f4 17. Bf2 Bd7 18. Kb1 a5 19. Rc1 Bf6
20. Nb5 Na6 21. Nb3 Qh5 22. c5 bxc5 23. Qd2 Qxf3 24. Nc3 a4 25. Na5 Rg8 26.
Rxg8+ Kxg8 {Melendez Tirado,B-Zambrana,O/Isla Margarita 1998/EXT 2000/0-1 (43)}
) 12... f5 13. exf5 gxf5 14. g5 e4 15. gxh6 Be5 16. Qh5 Qe8 17. Rg1+ Kh8 18.
Qxe8 Rxe8 19. Bg5 Bd7 20. O-O-O a6 21. Be2 Rg8 22. f4 Bf6 23. Nf1 Raf8 24. Ng3
Bxc3 25. bxc3 Nf6 {Straka,Z-Med,L/Klatovy 1998/EXT 2000/0-1 (44)}) 11... h5 12.
g5 Nfxe4 $2 (12... Nfd7 $142 $14 {und Schwarz spielt mit}) 13. Nxe4 $18 Nxe4
14. Qxe4 f5 15. gxf6 Qxf6 (15... Bf5 16. Qh4 (16. fxg7 {ist minderwertig} 16...
Bxe4 17. gxf8=N Qxf8 $17) 16... Bxf6 17. Ng5 $18) 16. Be2 (16. Nh4 {
damit wuerde Weiss es sich noch erleichtern} 16... Bf5 17. Nxf5 gxf5 $18) 16...
Qf5 (16... Bf5 17. Qh4 $18) 17. Ng5 Bf6 18. Rg1 Bxg5 19. Qxf5 Bxf5 20. Rxg5 h4
21. O-O-O Kf7 22. Rdg1 Rac8 (22... Ke8 {macht keinen grossen Unterschied} 23.
Bg4 $18) 23. Bg4 Ke8 {Diagramm #} 24. Rxg6 $1 {
Er hatte sowieso materiellen Vorteil} 24... Bxg4 (24... Bxg6 {Ablenkung von c8}
25. Bxc8 {Motiv: Abzugsangriff}) 25. R6xg4 (25. R6xg4 Rh8 26. Kd2 $18) ({
Schwaecher ist} 25. hxg4 Kf7 26. Rh6 Rh8 $18) 1-0

[Event "58. BEM 2004"]
[Site "Dortmund"]
[Date "2004.03.11"]
[Round "6.2"]
[White "Ziperstein, Jakob"]
[Black "Litwak, Aleksej"]
[Result "0-1"]
[WhiteElo "1831"]
[BlackElo "2067"]
[Annotator "Fritz 7 (15s)"]
[PlyCount "96"]
[EventDate "2004.??.??"]
[Source "SG Dortmund"]
[SourceDate "2004.12.16"]

{B40: Sicilian: 2...e6, Unusual lines
} 1. e4 c5 2. Nf3 e6 3. Nc3 Nc6 4. Be2 d5
5. exd5 exd5 6. d4 Nf6 (6... c4 7. O-O Nf6 8. Ne5 Bd6 9. Bf3 O-O 10. Re1 Bb4
11. Bg5 Be6 12. Qd2 h6 13. Bh4 Re8 14. a3 Ba5 15. h3 g5 16. Bg3 Bf5 17. b4 cxb3
18. cxb3 Nxe5 19. Bxe5 Ne4 20. Bxe4 dxe4 21. Bg3 {
Reyes,J-Rojo Huerta,G/Madrid 1992/TD/1-0 (53)}) (6... b6 7. O-O Nge7 8. Re1 g6
9. Bb5 Qc7 10. Nxd5 Qd6 11. dxc5 bxc5 12. Bf4 {
1-0 Bussemer,I-Schnurawa,J/Willingen 2001/EXT 2002 (12)}) 7. dxc5 Bxc5 8. O-O
$146 (8. Bg5 Bb4 9. Bd2 O-O 10. a3 Bxc3 11. Bxc3 Ne4 12. Bb4 Nxb4 13. axb4 Qb6
14. Qd4 Qc6 15. c3 b6 16. O-O Bb7 17. Bd3 Rfe8 18. Rfe1 a6 19. Ne5 Qe6 20. Nf3
b5 21. Re2 Qc6 22. Rae1 f5 {Voitenko,V-Pernikuza,A/Kiev 2000/EXT 2001/0-1 (43)}
) 8... O-O 9. Bg5 d4 10. Ne4 Be7 11. Nxf6+ Bxf6 12. Bxf6 Qxf6 13. Qd2 Bf5 14.
a3 {Sichert b4} 14... Rac8 15. Bd3 {Blockiert den d4} 15... Bg4 16. Ng5 Bf5 17.
Nf3 Rfd8 18. Rfe1 h6 {Punkt g5} 19. Rac1 Bg4 20. Be4 Rd6 21. h3 Bh5 22. g4 Bg6
23. Bxc6 bxc6 24. Ne5 Qh4 25. Nxg6 Rxg6 26. Kg2 c5 27. Qf4 Rf6 28. Qg3 Qg5 29.
f3 Rb6 30. b3 d3 31. cxd3 Rxb3 32. Rcd1 Rxa3 33. Qd6 Ra2+ 34. Kg3 Rd8 35. Qc6
Qd5 36. Qc7 $2 (36. Qxd5 $142 Rxd5 37. Ra1 Rxa1 38. Rxa1 Rxd3 39. Rxa7 $17)
36... Qd4 $19 37. Re3 $4 {Weiss haette sowieso bald aufgeben koennen} (37. Rf1
$19) 37... Qxe3 38. Qxd8+ Kh7 39. Qd5 Qf2+ 40. Kf4 Ra4+ (40... Qh2+ 41. Ke4
Re2+ 42. Kf5 g6+ 43. Kf6 Qf4+ 44. Qf5 Qd6+ 45. Kxf7 Qe7#) 41. Kf5 (41. d4 Rxd4+
42. Rxd4 Qxd4+ 43. Qxd4 cxd4 44. Ke4 $19) 41... Qg3 (41... Qe3 $142 {
liesse Weiss keine Chance} 42. d4 cxd4 $19) 42. d4 Rxd4 (42... Ra3 43. Rf1 Re3
44. Qxf7 cxd4 45. Qg6+ Kg8 46. Qe6+ Rxe6 47. Kxe6 $19) 43. Rxd4 cxd4 44. Ke4
Qe1+ 45. Kd3 $4 {ein Ende mit Schrecken} (45. Kxd4 Qd1+ 46. Kc5 Qxd5+ 47. Kxd5
$19) 45... Qe3+ 46. Kc2 d3+ (46... Qc3+ 47. Kd1 d3 48. Qe4+ g6 $19) 47. Kb1 $4
{es war sowieso egal} (47. Qxd3+ Qxd3+ 48. Kxd3 Kg6 $19) 47... Qe6 (47... Qe1+
48. Kb2 Qd2+ 49. Ka3 Qc1+ 50. Kb4 Qb2+ 51. Ka5 Qb6+ 52. Ka4 d2 53. Qxd2 Qc6+
54. Kb4 Qb7+ 55. Ka4 Qxf3 $19) 48. Qd4 $4 {Weiss bricht voellig ein} (48. Qxd3+
$142 Qg6 49. Kc2 $19) 48... Qb6+ (48... Qb6+ 49. Qxb6 axb6 $19) (48... Qe1+
$142 {und Schwarz gewinnt} 49. Kb2 Qe2+ 50. Ka3 Qc2 51. Qe4+ g6 $19) 0-1

[Event "58. BEM 2004"]
[Site "Dortmund"]
[Date "2004.03.11"]
[Round "6.3"]
[White "Gorval, Evgueni"]
[Black "Naundorf, Maik"]
[Result "1-0"]
[WhiteElo "2089"]
[BlackElo "2015"]
[Annotator "Fritz 7 (15s)"]
[PlyCount "75"]
[EventDate "2004.??.??"]
[Source "SG Dortmund"]
[SourceDate "2004.12.16"]

{B42: Sicilian: Kan Variation: 5 Bd3
} 1. e4 c5 2. Nf3 e6 3. d4 cxd4 4. Nxd4 a6
5. Bd3 Bc5 6. Nb3 Be7 7. c4 d6 8. O-O Nf6 9. f4 $146 (9. Nc3 O-O (9... Nbd7 10.
f4 (10. Be3 b6 11. Nd4 Bb7 12. Rc1 O-O 13. b3 Rc8 14. Nb1 Re8 15. f4 g6 16. f5
exf5 17. exf5 Ne5 18. Bf4 Nh5 19. fxg6 hxg6 20. g3 Bg5 21. Qd2 Nxf4 22. gxf4
Bh6 23. Qf2 Ng4 24. Qg3 Qf6 25. Qxg4 Qxd4+ 26. Rf2 Rc7 27. Qg3 Rce7 28. Rcf1
Re3 29. Qh4 Qc3 30. f5 Rh3 31. fxg6 Rxh4 32. gxf7+ Kf8 33. fxe8=Q+ Kxe8 {
0-1 Armanda,I-Fercec,N/Pula 1999/EXT 2001 (33)}) 10... b6 11. Be3 Bb7 12. Qf3
Nc5 13. Nxc5 bxc5 14. Qh3 Nd7 15. e5 dxe5 16. f5 Nf6 17. Rad1 Qb6 18. fxe6 Qxe6
19. Bf5 Qxc4 20. Bg5 h5 21. b3 Qb4 22. a3 Qb6 23. Na4 Qc7 24. Bxf6 {
Shirov,A-Kveinys,A/Istanbul 2000/EXT 2001/1-0 (55)}) 10. Bf4 (10. a4 Nbd7 11.
a5 b6 12. axb6 Qxb6 13. Na5 Ne5 14. Be2 Bd7 15. Ra2 Rfc8 16. Be3 Qc7 17. f3
Rab8 18. Qd2 Be8 19. Rd1 h6 20. Kh1 Kh7 21. Qe1 g5 22. Rc1 Nh5 23. Qd2 Nf4 24.
Bf1 Rb4 {Collas,D-Rotstein,A/St Affrique 1999/EXT 2001/1-0 (59)}) 10... b6 11.
Re1 Bb7 12. Bf1 Qc7 13. e5 dxe5 14. Bxe5 Qc8 15. Qc2 Nbd7 16. Bf4 Re8 17. Rad1
Bf8 18. Bd6 Bxd6 19. Rxd6 Qc7 20. Red1 Re7 21. Qd2 g6 22. h3 Rc8 23. Qe3 Ne8 {
Vescovi,G-Sunye Neto,J/Merida 1993/EXT 97/1-0 (62)}) 9... Nbd7 10. Qe2 Qc7 11.
Nc3 b6 {Es geht um a5+c5} 12. a4 Bb7 13. Nd4 g6 {Der Gegner darf nicht nach f5}
14. Bd2 h5 15. Rac1 Rc8 16. b4 Qb8 17. Kh1 h4 18. Rf3 h3 19. Rxh3 Rxh3 20. gxh3
e5 (20... a5 $5 21. bxa5 bxa5 $14) 21. Nc2 exf4 22. Bxf4 Ne5 23. Nd5 Nxd5 24.
cxd5 Bf6 (24... Rc3 $142 $5 25. Rd1 Qc8 26. Bxe5 dxe5 $14) 25. Bxa6 $18 Bxa6
26. Qxa6 Rc3 27. Nd4 Rxc1+ 28. Bxc1 Kf8 29. Bh6+ Kg8 30. Bf4 Qe8 31. Qb5 (31.
Qxb6 Nc4 32. Be5 Nxb6 $19 (32... Bxe5 $143 33. Qc6 Qxc6 34. Nxc6 $14 (34. dxc6
$2 Bxd4 35. a5 d5 $19))) 31... Nc6 $4 {das letzte Eigentor} (31... Nd7 $142 32.
Qd3 Be5 $18) 32. e5 $1 {glaenzend gespielt} (32. Qxc6 Qxe4+ 33. Kg1 Bxd4+ (
33... Qxf4 $6 {ist weit schwaecher wegen} 34. Nc2 $17) 34. Kf1 Qxf4+ 35. Ke2
Qe3+ 36. Kd1 Qd3+ 37. Ke1 Be3 38. Qe8+ Kg7 39. Qxe3 Qxe3+ 40. Kd1 Qd3+ 41. Ke1
Qe4+ 42. Kf2 Qxb4 $19) (32. Nxc6 $6 {scheitert an} 32... Qxe4+ 33. Kg1 Qxf4 $11
) (32. dxc6 Qxe4+ 33. Kg1 Qxd4+ 34. Kf1 Qxf4+ 35. Ke2 Qe4+ 36. Kd1 d5 $19)
32... dxe5 (32... Nxe5 {Nutzt die Fesselung aus} 33. Qxe8+) 33. Qxc6 {
Motiv: Doppelangriff} (33. Nxc6 exf4 34. Qd3 Qe1+ 35. Kg2 Bh4 $11) (33. dxc6 $6
exd4 34. Qd5 Qe1+ 35. Kg2 Qe2+ 36. Kg3 g5 $11) 33... Qe7 (33... Qd8 {
aendert den Lauf der Dinge nicht} 34. Ne6 fxe6 35. Qxe6+ Kh7 36. Be3 $18) 34.
d6 Qd8 35. d7 Kh7 (35... exf4 {aendert nichts am Ausgang der Partie} 36. Qc8
Qf8 37. a5 bxa5 38. bxa5 $18) 36. Qd5 exd4 (36... exf4 {
haette noch versucht werden koennen} 37. Qxf7+ Kh6 $18) 37. Qxf7+ Kh8 38. Be5
$1 {Mit materiellem Vorteil laesst es sich leichter opfern} (38. Be5 Qa8+ 39.
Kg1 Bxe5 40. Qe8+ Kg7 41. Qxe5+ Kf7 42. Qc7 $18) 1-0

[Event "58. BEM 2004"]
[Site "Dortmund"]
[Date "2004.03.11"]
[Round "6.4"]
[White "Zimmermann, Dirk"]
[Black "Zeldin, Vitali"]
[Result "1-0"]
[WhiteElo "2025"]
[BlackElo "1918"]
[Annotator "Fritz 7 (15s)"]
[PlyCount "59"]
[EventDate "2004.??.??"]
[Source "SG Dortmund"]
[SourceDate "2004.12.16"]

{C31: Falkbeer Counter Gambit: 3 exd5 c6 and 3...e4 sidelines.
} 1. e4 e5 2. f4
d5 3. exd5 e4 4. d4 Nf6 (4... Qxd5 5. c4 Qd8 6. Nc3 Nf6 7. h3 h5 8. g3 Bb4 9.
Be3 O-O 10. Be2 h4 11. g4 Qe7 12. Qc2 c5 13. d5 b5 14. O-O-O Bxc3 15. Qxc3 bxc4
16. d6 Qb7 17. Bxc4 Be6 18. Bxe6 fxe6 19. Qe5 Qf7 20. f5 Nbd7 21. Qxe6 Rfe8 22.
Qxf7+ Kxf7 23. Ne2 Ne5 24. Nf4 Nfd7 25. Rhe1 Rab8 26. Kc2 Nc4 27. Bc1 a5 28.
Ne6 Rb6 29. b3 Nxd6 30. Bf4 Rxe6 31. fxe6+ Kxe6 32. Bxd6 Rxd6 33. Rxe4+ Ne5 34.
Rxd6+ Kxd6 35. Ra4 Nc6 36. Kd3 Kd5 37. Ke3 g5 38. a3 Ke5 39. Re4+ {
Kadas,G-Palasti,F/HUN 1998/EXT 2000/1-0 (52)}) 5. a3 $146 {
Verwehrt dem Gegner b4} (5. c4 c6 6. dxc6 (6. Nc3 Bb4 7. Qb3 Bxc3+ 8. bxc3 cxd5
9. Ba3 Nc6 10. cxd5 Qxd5 11. Bc4 Qh5 12. Ne2 a5 13. Ng3 a4 14. Nxh5 axb3 15.
Nxf6+ gxf6 16. axb3 Rg8 17. Kf2 Ne7 18. Rhe1 f5 19. Bc5 Rxa1 20. Rxa1 Ng6 21.
Ra8 Ne7 22. Bb5+ {1-0 Benning,T-Van Weersel,A/Hengelo 1999/EXT 2000 (22)}) 6...
Nxc6 7. d5 Bb4+ 8. Nc3 (8. Bd2 Bxd2+ 9. Qxd2 Ne7 10. Nc3 Nf5 11. O-O-O O-O 12.
Be2 b6 13. g4 Nd6 14. h3 Re8 15. Qe3 Ba6 16. b3 Rc8 17. Kb2 Rc7 18. Rc1 Qc8 19.
Nb1 Bxc4 20. bxc4 Rxc4 21. Rxc4 Nxc4+ 22. Bxc4 Qxc4 {
Bornschein,K-Schreiber,W/Stuttgart 1993/EXT 2001/1-0 (53)}) 8... Ne7 9. Qa4+ {
1-0 Kies,W-Burgmer,H/Leverkusen 2001/EXT 2002 (9)}) 5... Nxd5 6. c4 Nf6 7. Nc3
c6 {Deckt b5+d5} 8. Be2 Bd6 9. Be3 {
Der weisse Laeufer stemmt sich gegen den Bauern e4} 9... Qe7 10. Qc2 Bf5 11.
O-O-O O-O 12. h3 {Befestigt g4} 12... h5 13. c5 {Weiss gewinnt Raum} 13... Bc7
14. d5 cxd5 15. Nxd5 Nxd5 16. Rxd5 Qe6 17. Bc4 Qg6 $2 (17... b5 $142 $5 {
ist noch spielbar} 18. Bb3 Qf6 $14) 18. g4 $1 $16 {bleibt am Druecker} 18...
Bd7 (18... Qxg4 19. hxg4) 19. Rxh5 Re8 (19... b5 20. Bd5 Bc6 21. Bb3 $16) 20.
Ne2 Nc6 (20... b5 21. f5 Qf6 22. Bg5 $18) 21. Rd5 (21. f5 $142 $5 {
laesst dem Gegner kaum Chancen} 21... Qf6 22. Bg5 $18) 21... Rad8 22. Ng3 {
Will f5 spielen} 22... b5 23. Ba2 Be6 $2 (23... Qh6 24. Rh5 Qf6 25. Nxe4 Qe7
$18) 24. Rxd8 $18 Rxd8 25. f5 Qh7 26. fxe6 Bxg3 27. exf7+ Kf8 28. Rd1 (28. Qg2
$142 {gibt noch groesseren Vorteil} 28... Be5 29. Bb1 $18) 28... Rd3 $4 {
ein Fehler in schlechter Stellung} (28... Qxh3 $142 29. Bd5 Rxd5 30. Rxd5 Qh1+
31. Rd1 Qf3 $18) 29. Rxd3 exd3 30. Qg2 (30. Qg2 Qg6 31. Qxg3 $18) 1-0